[Event "Andorra open"]
[Site "Escaldes"]
[Date "2018.07.28"]
[Round "8.5"]
[White "Postny, Evgeny"]
[Black "Pena Gomez, Manuel"]
[Result "1-0"]
[WhiteElo "2585"]
[BlackElo "2475"]
[PlyCount "75"]
[EventDate "2018.07.21"]
[EventType "swiss"]
[EventCountry "AND"]

1. d4 Nf6 2. c4 e6 3. Nf3 b6 4. g3 Bb7 5. Bg2 Be7 6. O-O O-O 7. Re1 c5 8. d5
exd5 9. Nh4 Ne4 10. cxd5 Bxh4 11. Bxe4 Bf6 12. Nc3 d6 13. Qc2 g6 14. Bf4 Na6
15. Bg2 Bg7 16. Rad1 Qe7 17. e4 Rfd8 18. a3 c4 19. Nb5 Nc5 20. Qxc4 Bxb2 21. e5
Bxe5 22. Nxd6 Ba6 23. Rxe5 Qxd6 24. Qd4 Qf8 25. d6 Bb7 26. Rxc5 bxc5 27. Qf6
Qg7 28. Qxg7+ Kxg7 29. Bxb7 Rab8 30. Ba6 Rb6 31. d7 Rxa6 32. Bc7 Rg8 33. Rd3
Kf6 34. Re3 Rc6 35. Re8 Rxe8 36. dxe8=Q Rxc7 37. Qd8+ Re7 38. Qd6+ 1-0

[Event "Andorra open"]
[Site "Escaldes"]
[Date "2018.07.28"]
[Round "8.6"]
[White "Shen, Christopher"]
[Black "Smith, Axel"]
[Result "1/2-1/2"]
[WhiteElo "2266"]
[BlackElo "2491"]
[PlyCount "200"]
[EventDate "2018.07.21"]
[EventType "swiss"]
[EventCountry "AND"]

1. c4 Nf6 2. g3 e5 3. Bg2 Nc6 4. Nc3 Bb4 5. Nd5 O-O 6. Nxb4 Nxb4 7. d3 d5 8. a3
Nc6 9. cxd5 Nxd5 10. Nf3 Qe7 11. O-O Rd8 12. Qc2 Nd4 13. Nxd4 exd4 14. Re1 h5
15. Bd2 c6 16. Rac1 h4 17. Qc5 Qxc5 18. Rxc5 hxg3 19. Bxd5 Rxd5 20. Rxd5 gxf2+
21. Kxf2 cxd5 22. Bf4 f6 23. Kf3 Bf5 24. Bg3 Re8 25. Bf2 a6 26. Rg1 Kf7 27.
Bxd4 Rh8 28. Kg3 Re8 29. Kf3 Bd7 30. Rc1 Bc6 31. h4 Rh8 32. Kg3 Kg6 33. Rg1 Bd7
34. Rc1 Bc6 35. Rg1 Kf5 36. Rf1+ Ke6 37. Rg1 Rh6 38. Be3 Rh5 39. Bd4 Rh8 40.
Rf1 Kf7 41. Rg1 Rc8 42. Rc1 Kg6 43. Kf4 Re8 44. Rg1+ Kh6 45. Kf3 Re7 46. Rg2
Be8 47. Kg3 Bh5 48. e3 Bg6 49. Rd2 Kh5 50. Kf4 Re8 51. Rd1 Kh6 52. Rd2 Kh7 53.
Rd1 Kg8 54. Rd2 Kf7 55. Rd1 Rh8 56. Kg3 Rc8 57. Bc3 Ke6 58. Kf4 Rh8 59. Kg3 Rc8
60. Kf4 Rh8 61. Kg3 Bf5 62. Bd4 Rh6 63. Rd2 Rg6+ 64. Kf3 Bg4+ 65. Kg3 Bh5+ 66.
Kh3 Rg1 67. Kh2 Rc1 68. Kg3 Bg6 69. Kh3 Rh1+ 70. Kg3 Bf5 71. Rh2 Rc1 72. Rd2
Rh1 73. Rh2 Rd1 74. h5 Bxd3 75. h6 gxh6 76. Rxh6 Rg1+ 77. Kf2 Rf1+ 78. Kg2 Rf5
79. Rh8 Be4+ 80. Kg1 Rg5+ 81. Kf2 Rg2+ 82. Ke1 Rg1+ 83. Kf2 Rg2+ 84. Ke1 Rg1+
85. Kf2 Rg7 86. Rf8 Rg6 87. Rb8 Rg7 88. Rf8 Rg2+ 89. Ke1 Rg1+ 90. Kf2 Rg2+ 91.
Ke1 Rg6 92. Rb8 Rg7 93. Rf8 Rf7 94. Rxf7 Kxf7 95. Kf2 a5 96. Kg3 b5 97. Bb6 a4
98. Kf4 Ke6 99. Bd4 Bb1 100. Bc3 Ba2 1/2-1/2

[Event "Andorra open"]
[Site "Escaldes"]
[Date "2018.07.28"]
[Round "8.7"]
[White "Serra Pages, Jordi"]
[Black "Fluvia Poyatos, Jordi"]
[Result "0-1"]
[WhiteElo "2251"]
[BlackElo "2436"]
[PlyCount "147"]
[EventDate "2018.07.21"]
[EventType "swiss"]
[EventCountry "AND"]

1. d4 d6 2. Nf3 Bg4 3. g3 Bxf3 4. exf3 g6 5. c3 Nd7 6. Bg2 e6 7. Nd2 Ne7 8. O-O
Bg7 9. Re1 O-O 10. f4 Rb8 11. a4 c5 12. Nf3 Qc7 13. Be3 Nf5 14. dxc5 Nxc5 15.
Bxc5 Qxc5 16. Nd2 Rfd8 17. Nb3 Qc7 18. Qd3 d5 19. Rac1 Rdc8 20. Bf1 a6 21. Nd2
Qa5 22. Ra1 Nd6 23. Qb1 Qc5 24. Bd3 b5 25. Nb3 Qb6 26. a5 Qa7 27. Rc1 Nc4 28.
Bxc4 bxc4 29. Nd2 Rb5 30. Ra2 Rcc5 31. Qc2 Rxa5 32. Rca1 Qb6 33. Kg2 Rxa2 34.
Rxa2 Rb5 35. Nf3 Rb3 36. h4 h5 37. Kh2 a5 38. Qd2 a4 39. Ne5 Qa7 40. Kg2 Qb7
41. Kh2 Qb8 42. Nf3 a3 43. Rxa3 Rxb2 44. Ra8 Qxa8 45. Qxb2 d4 46. Nxd4 Bxd4 47.
cxd4 Qf3 48. Qb8+ Kh7 49. Qf8 Qxf2+ 50. Kh1 Qf1+ 51. Kh2 Qe2+ 52. Kg1 Qd1+ 53.
Kg2 Qc2+ 54. Kf3 Qd3+ 55. Kg2 Qe4+ 56. Kh2 Qf5 57. Qc8 Qc2+ 58. Kh3 Qe4 59. Kh2
Qxd4 60. Qf8 Qf2+ 61. Kh3 Qf1+ 62. Kh2 Qe2+ 63. Kg1 Qd1+ 64. Kf2 Qc2+ 65. Ke3
Qd3+ 66. Kf2 Qf5 67. Kf3 e5 68. Ke3 exf4+ 69. gxf4 Qd3+ 70. Kf2 Qd2+ 71. Kf3
Qd5+ 72. Ke3 c3 73. Qc8 Qe6+ 74. Kd4 0-1

[Event "Andorra open"]
[Site "Escaldes"]
[Date "2018.07.28"]
[Round "8.8"]
[White "Alboredo, Julia"]
[Black "Jerez Perez, Alfonso"]
[Result "0-1"]
[WhiteElo "2163"]
[BlackElo "2423"]
[PlyCount "100"]
[EventDate "2018.07.21"]
[EventType "swiss"]
[EventCountry "AND"]

1. e4 e6 2. d4 d5 3. Nc3 Nf6 4. e5 Nfd7 5. f4 c5 6. Nf3 a6 7. Be3 Qb6 8. a3 Nc6
9. dxc5 Bxc5 10. Na4 Qa5+ 11. b4 Qxa4 12. bxc5 O-O 13. c4 Qa5+ 14. Qd2 Rd8 15.
Qxa5 Nxa5 16. Rd1 Nb8 17. cxd5 exd5 18. h3 Bf5 19. Bd3 Bxd3 20. Rxd3 Nbc6 21.
O-O Nc4 22. Bf2 f6 23. exf6 gxf6 24. Rb1 Rd7 25. Nd4 Nxd4 26. Bxd4 Kf7 27. Rb4
Re8 28. Kf2 Re4 29. Kf3 h5 30. g4 hxg4+ 31. hxg4 Re1 32. Bc3 Re4 33. Bd4 Rde7
34. Bf2 Re2 35. Kg3 Nd2 36. Bd4 Ne4+ 37. Kf3 Nd2+ 38. Kg3 Ne4+ 39. Kf3 Rh2 40.
Be3 Rh3+ 41. Ke2 Nxc5 42. Rc3 a5 43. Rb5 Ne6 44. Kd2 d4 45. Bxd4 Nxd4 46. Rxh3
Nxb5 47. a4 Nd6 48. Kd3 Re4 49. Rh7+ Ke6 50. Rxb7 Rxf4 0-1

[Event "Andorra open"]
[Site "Escaldes"]
[Date "2018.07.28"]
[Round "8.9"]
[White "Loiseau, Quentin"]
[Black "Saada, Julien"]
[Result "1-0"]
[WhiteElo "2402"]
[BlackElo "2266"]
[PlyCount "49"]
[EventDate "2018.07.21"]
[EventType "swiss"]
[EventCountry "AND"]

1. e4 c6 2. Nc3 d5 3. Nf3 Nf6 4. e5 Ne4 5. Ne2 Qb6 6. d4 e6 7. Ng3 c5 8. Bd3
Nxg3 9. fxg3 Nc6 10. O-O c4 11. Be2 f6 12. a4 Bd7 13. a5 Nxa5 14. exf6 gxf6 15.
Nh4 Be7 16. Bh5+ Kd8 17. Kh1 Nc6 18. c3 Kc7 19. Bh6 Qxb2 20. Qf3 Be8 21. Bg4 f5
22. Bh5 e5 23. Nxf5 Bf6 24. dxe5 Bxe5 25. Qe3 1-0

[Event "Andorra open"]
[Site "Escaldes"]
[Date "2018.07.28"]
[Round "8.10"]
[White "Llaneza Vega, Patricia"]
[Black "Berkovich, Mark A"]
[Result "1-0"]
[WhiteElo "2099"]
[BlackElo "2344"]
[PlyCount "61"]
[EventDate "2018.07.21"]
[EventType "swiss"]
[EventCountry "AND"]

1. e4 d6 2. d4 Nf6 3. Nc3 e5 4. Nf3 Nbd7 5. Bc4 Be7 6. O-O O-O 7. Re1 c6 8. a4
a5 9. h3 Qc7 10. Ba2 h6 11. Nh4 Re8 12. Nf5 Bf8 13. Qd3 Nb6 14. dxe5 dxe5 15.
Qf3 Bxf5 16. Qxf5 Nh7 17. Be3 Ng5 18. Bxg5 hxg5 19. Qxg5 Rad8 20. Re3 Qe7 21.
Qh5 Nd7 22. Rf3 Nf6 23. Qg5 Rd7 24. h4 Qd8 25. h5 Nh7 26. Qg4 Ree7 27. h6 Rd6
28. hxg7 Bxg7 29. Rg3 Qf8 30. Rd1 Rh6 31. Rd8 1-0

[Event "Andorra open"]
[Site "Escaldes"]
[Date "2018.07.28"]
[Round "8.11"]
[White "Sole Pijuan, Ferran"]
[Black "Shabalov, Alexander"]
[Result "1/2-1/2"]
[WhiteElo "2306"]
[BlackElo "2567"]
[PlyCount "87"]
[EventDate "2018.07.21"]
[EventType "swiss"]
[EventCountry "AND"]

1. d4 d5 2. c4 c6 3. Nf3 e6 4. e3 Nd7 5. Bd3 Ngf6 6. Nbd2 c5 7. O-O Be7 8. cxd5
Nxd5 9. Nc4 O-O 10. a3 N5f6 11. Qe2 a6 12. Rd1 Qc7 13. Bd2 b5 14. Nce5 Nxe5 15.
Nxe5 cxd4 16. exd4 Bb7 17. Rac1 Qb6 18. Bg5 Rad8 19. Rc3 Rfe8 20. Bxf6 Bxf6 21.
Bxh7+ Kf8 22. Qh5 Bxe5 23. Qxe5 Qd6 24. Bc2 Qxe5 25. dxe5 Rxd1+ 26. Bxd1 Rd8
27. Bf3 g5 28. h3 Bxf3 29. gxf3 Rd2 30. b4 Ra2 31. Kg2 Kg7 32. Kg3 Kg6 33. h4
gxh4+ 34. Kxh4 Kf5 35. Kg3 Kxe5 36. Rd3 f5 37. Re3+ Kd5 38. f4 Rd2 39. f3 Kd6
40. Kh3 Rd1 41. Kg3 Rd2 42. Kh3 Kd5 43. Re5+ Kd6 44. Re3 1/2-1/2

[Event "Andorra open"]
[Site "Escaldes"]
[Date "2018.07.28"]
[Round "8.12"]
[White "Blom, Vincent"]
[Black "Kunin, Vitaly"]
[Result "0-1"]
[WhiteElo "2269"]
[BlackElo "2538"]
[PlyCount "78"]
[EventDate "2018.07.21"]
[EventType "swiss"]
[EventCountry "AND"]

1. e4 c5 2. Nf3 Nc6 3. Bb5 d6 4. O-O Bd7 5. Re1 a6 6. Bf1 Bg4 7. c3 Nf6 8. h3
Bxf3 9. Qxf3 g6 10. Na3 Bg7 11. Nc2 O-O 12. d4 cxd4 13. cxd4 Rc8 14. Qd1 Qc7
15. Bd3 e5 16. d5 Nd4 17. Nxd4 exd4 18. Bd2 Nd7 19. Rc1 Qb8 20. Rxc8 Rxc8 21.
Qb1 b5 22. b3 h6 23. f4 Re8 24. Bb4 g5 25. g3 a5 26. Bxa5 b4 27. Rc1 Nc5 28. e5
gxf4 29. Rxc5 dxc5 30. d6 Qa7 31. Bc7 Rxe5 32. Bc4 d3 33. gxf4 Re3 34. Kh2 Re2+
35. Kg3 Qb7 36. Qxd3 Qg2+ 37. Kh4 Bf6+ 38. Kh5 Re5+ 39. f5 Qg5# 0-1

[Event "Andorra open"]
[Site "Escaldes"]
[Date "2018.07.28"]
[Round "8.13"]
[White "Nayhebaver, Martin"]
[Black "Cuadras Avellana, Jordi"]
[Result "1-0"]
[WhiteElo "2478"]
[BlackElo "2240"]
[PlyCount "91"]
[EventDate "2018.07.21"]
[EventType "swiss"]
[EventCountry "AND"]

1. e4 c5 2. Nf3 e6 3. d4 cxd4 4. Nxd4 a6 5. Bd3 Ne7 6. O-O Nbc6 7. Nb3 Ng6 8.
Be3 Be7 9. a4 O-O 10. a5 d6 11. N1d2 e5 12. Nc4 Be6 13. Nb6 Rb8 14. Bc4 Bxc4
15. Nxc4 Re8 16. Bb6 Qd7 17. Nc5 Qc8 18. Nxd6 Bxd6 19. Qxd6 Nd4 20. f3 Ne6 21.
Nd7 Ra8 22. c3 Nef4 23. g3 Nh3+ 24. Kg2 Ng5 25. h4 Ne6 26. Rad1 Nxh4+ 27. gxh4
Nf4+ 28. Kh1 Re6 29. Qc7 Qe8 30. Nc5 Rh6 31. Rf2 g5 32. Rd8 Rxd8 33. Qxd8 Qxd8
34. Bxd8 gxh4 35. Bg5 Rc6 36. Bxf4 Rxc5 37. Bh6 f6 38. Rg2+ Kf7 39. Rg7+ Ke6
40. Rxb7 Rxa5 41. Be3 Ra1+ 42. Kg2 h5 43. Bc5 f5 44. Rb6+ Kf7 45. exf5 a5 46.
Bf2 1-0

[Event "Andorra open"]
[Site "Escaldes"]
[Date "2018.07.28"]
[Round "8.14"]
[White "Vidal, Llewellyn"]
[Black "Narciso Dublan, Marc"]
[Result "1-0"]
[WhiteElo "2221"]
[BlackElo "2466"]
[PlyCount "57"]
[EventDate "2018.07.21"]
[EventType "swiss"]
[EventCountry "AND"]

1. c4 Nf6 2. Nc3 e6 3. e4 d5 4. cxd5 exd5 5. e5 Ne4 6. Nf3 c6 7. d4 Bb4 8. Bd2
Bxc3 9. bxc3 Bg4 10. Be2 Nd7 11. O-O O-O 12. h3 Bh5 13. Qc2 c5 14. Bd3 Bg6 15.
c4 Nxd2 16. Qxd2 dxc4 17. Bxg6 fxg6 18. Qe2 b5 19. d5 Rxf3 20. Qxf3 Nxe5 21.
Qe4 Nd3 22. a4 a6 23. axb5 axb5 24. d6 Rb8 25. Qd5+ Kh8 26. Ra7 h5 27. Re7 Qf8
28. Qe4 Kh7 29. d7 1-0

[Event "Andorra open"]
[Site "Escaldes"]
[Date "2018.07.28"]
[Round "8.15"]
[White "Aloma Vidal, Robert"]
[Black "Martinez Lopez, Ivan"]
[Result "1/2-1/2"]
[WhiteElo "2433"]
[BlackElo "2195"]
[PlyCount "30"]
[EventDate "2018.07.21"]
[EventType "swiss"]
[EventCountry "AND"]

1. d4 d5 2. c4 e6 3. Nf3 Nf6 4. g3 Be7 5. Bg2 O-O 6. O-O dxc4 7. Nc3 Nc6 8. e4
Rb8 9. a4 a6 10. Bf4 b5 11. axb5 axb5 12. d5 exd5 13. exd5 Nb4 14. Nd4 Bd7 15.
Ra7 Bd6 1/2-1/2

[Event "Andorra open"]
[Site "Escaldes"]
[Date "2018.07.28"]
[Round "8.16"]
[White "Beshukov, Sergei"]
[Black "Laliena Solanes, Luis"]
[Result "1-0"]
[WhiteElo "2417"]
[BlackElo "2174"]
[PlyCount "55"]
[EventDate "2018.07.21"]
[EventType "swiss"]
[EventCountry "AND"]

1. Nf3 Nf6 2. g3 b5 3. Bg2 Bb7 4. O-O e6 5. d4 c5 6. c3 Be7 7. dxc5 Bxc5 8. b4
Bb6 9. a4 a6 10. axb5 axb5 11. Rxa8 Bxa8 12. Na3 Bc6 13. Qd3 Be4 14. Qxb5 O-O
15. c4 d6 16. Qg5 Na6 17. Bd2 Bf5 18. Bc3 h6 19. Bxf6 hxg5 20. Bxd8 Bxd8 21. b5
Nc5 22. Nd4 Be4 23. Rd1 Bb6 24. Nb1 Ra8 25. e3 Ra4 26. Nc3 Rxc4 27. Nxe4 Nxe4
28. Bxe4 1-0

[Event "Andorra open"]
[Site "Escaldes"]
[Date "2018.07.28"]
[Round "8.17"]
[White "Tleptsok, Ruslan"]
[Black "Barbero Sendic, Alejandro"]
[Result "1-0"]
[WhiteElo "2126"]
[BlackElo "2388"]
[PlyCount "59"]
[EventDate "2018.07.21"]
[EventType "swiss"]
[EventCountry "AND"]

1. e4 e5 2. Nf3 Nc6 3. d4 exd4 4. Bc4 Bc5 5. O-O d6 6. c3 Bg4 7. Qb3 Qe7 8.
Bxf7+ Qxf7 9. Qxb7 Rb8 10. Qxc6+ Bd7 11. Qxc7 Rc8 12. Qb7 dxc3 13. Nxc3 Ne7 14.
Nd5 Nxd5 15. exd5 O-O 16. Be3 Rb8 17. Qc7 Rfc8 18. Qa5 Bg4 19. Ne5 dxe5 20.
Bxc5 Qxd5 21. b4 e4 22. Qxa7 Rb7 23. Qa6 Rbc7 24. Qd6 Qf5 25. Rae1 Rc6 26. Qe7
Bf3 27. Bd6 Qg4 28. Bg3 Be2 29. f3 exf3 30. Rxe2 1-0

[Event "Andorra open"]
[Site "Escaldes"]
[Date "2018.07.28"]
[Round "8.18"]
[White "Ruperez Benito, Antonio"]
[Black "Librelato, Kathie Goulart"]
[Result "1-0"]
[WhiteElo "2329"]
[BlackElo "2100"]
[PlyCount "75"]
[EventDate "2018.07.21"]
[EventType "swiss"]
[EventCountry "AND"]

1. e4 c5 2. Nf3 g6 3. d4 cxd4 4. Qxd4 Nf6 5. Nc3 Nc6 6. Qa4 d6 7. e5 dxe5 8.
Nxe5 Bg7 9. Bb5 O-O 10. Nxc6 bxc6 11. Bxc6 Bd7 12. O-O Bxc6 13. Qxc6 Rb8 14.
Rb1 Qa5 15. Qf3 Nd7 16. Bf4 e5 17. Bd2 Rfc8 18. Nd5 Qd8 19. Bb4 Nc5 20. Rfd1 a5
21. Bxa5 Qxa5 22. Ne7+ Kf8 23. Nxc8 Rxc8 24. b4 Qxa2 25. bxc5 Qxc2 26. Rb7 Bf6
27. Qd5 Be7 28. Rxe7 Kxe7 29. Qd6+ Ke8 30. Qxe5+ Kf8 31. Qh8+ Ke7 32. Re1+ Kd7
33. Qd4+ Kc6 34. Qd6+ Kb5 35. Qb6+ Kc4 36. Qa6+ Kc3 37. Qxc8 Kd2 38. Qe8 1-0

[Event "Andorra open"]
[Site "Escaldes"]
[Date "2018.07.28"]
[Round "8.19"]
[White "Terao, Juliana Sayumi"]
[Black "Picart, Laurent"]
[Result "1-0"]
[WhiteElo "2308"]
[BlackElo "2066"]
[PlyCount "55"]
[EventDate "2018.07.21"]
[EventType "swiss"]
[EventCountry "AND"]

1. e4 c6 2. d4 d5 3. e5 c5 4. dxc5 e6 5. Nf3 Bxc5 6. Bd3 Nc6 7. O-O Nge7 8. Bf4
Ng6 9. Bg3 O-O 10. Nbd2 f5 11. exf6 Qxf6 12. Nb3 Bb6 13. c3 Nf4 14. Bc2 Bd7 15.
Qd2 Ne7 16. Bh4 Qf7 17. Bxh7+ Kh8 18. Ne5 Qh5 19. Bxe7 Qxe5 20. Bd3 Qh5 21. Qd1
Qxd1 22. Raxd1 Rf7 23. Bc5 Kg8 24. Rfe1 Nxd3 25. Rxd3 Bc7 26. Bd4 e5 27. Bxe5
Re8 28. Rde3 1-0

[Event "Andorra open"]
[Site "Escaldes"]
[Date "2018.07.28"]
[Round "8.20"]
[White "Orteu Capdevila, Max"]
[Black "Ferrante, Marco"]
[Result "0-1"]
[WhiteElo "2158"]
[BlackElo "2290"]
[PlyCount "110"]
[EventDate "2018.07.21"]
[EventType "swiss"]
[EventCountry "AND"]

1. c4 e6 2. Nf3 Nf6 3. Nc3 d5 4. e3 Nbd7 5. b3 c6 6. Bb2 a5 7. Qc2 Nc5 8. d4
Nce4 9. Bd3 Bb4 10. O-O Nxc3 11. Bxc3 Bxc3 12. Qxc3 O-O 13. Ne5 Nd7 14. f4 f5
15. Rf2 Qb6 16. c5 Qb4 17. Qb2 Nxe5 18. fxe5 a4 19. a3 Qa5 20. b4 Qd8 21. b5
Qa5 22. Qb4 Bd7 23. Qxa5 Rxa5 24. bxc6 Bxc6 25. Rb1 Ra7 26. Rb6 Rc8 27. Rfb2
Rc7 28. Kf2 Kf7 29. Ke1 g6 30. Kd2 Kg7 31. Bb5 Kh6 32. Bd3 Kg5 33. Ke1 h5 34.
Kf2 h4 35. Kf3 Ra8 36. Bb5 Ra7 37. g3 Kh5 38. Rb4 g5 39. Kf2 hxg3+ 40. hxg3 Kg6
41. g4 Ra8 42. Kg3 f4+ 43. exf4 gxf4+ 44. Kxf4 Rf8+ 45. Ke3 Rcf7 46. Bd3+ Kg5
47. Rb1 Rf3+ 48. Kd2 R8f4 49. R6b4 Rxg4 50. Re1 Rgg3 51. Bc2 Rxa3 52. Rbb1 Raf3
53. Bxa4 Rd3+ 54. Kc1 Bxa4 55. Rxb7 Rc3+ 0-1

[Event "Andorra open"]
[Site "Escaldes"]
[Date "2018.07.28"]
[Round "8.21"]
[White "Garcia Paolicchi, Raul"]
[Black "Benmesbah, Natacha"]
[Result "1-0"]
[WhiteElo "2155"]
[BlackElo "2255"]
[PlyCount "65"]
[EventDate "2018.07.21"]
[EventType "swiss"]
[EventCountry "AND"]

1. d4 Nf6 2. Nf3 b5 3. c3 Bb7 4. a4 bxa4 5. Qxa4 e6 6. Bg5 Be7 7. Nbd2 O-O 8.
e3 d5 9. Bd3 Nbd7 10. b4 Ne4 11. Bxe7 Qxe7 12. Qc2 f5 13. Ba6 Rab8 14. Bxb7
Rxb7 15. O-O e5 16. dxe5 Nxe5 17. Nxe5 Qxe5 18. Nxe4 dxe4 19. Ra5 Qe7 20. Qa2+
Kh8 21. Rxa7 Rb6 22. Qc4 Rg6 23. Rxc7 Qg5 24. g3 h5 25. Rc6 h4 26. Rxg6 Qxg6
27. Qc7 hxg3 28. fxg3 Qg4 29. Qd6 Rf6 30. Qd2 g5 31. Ra1 Kg7 32. Ra7+ Kg6 33.
Qd7 1-0

[Event "Andorra open"]
[Site "Escaldes"]
[Date "2018.07.28"]
[Round "8.22"]
[White "De Seroux, Camille"]
[Black "Gomez Anadon, Daniel"]
[Result "0-1"]
[WhiteElo "2146"]
[BlackElo "2228"]
[PlyCount "86"]
[EventDate "2018.07.21"]
[EventType "swiss"]
[EventCountry "AND"]

1. e4 c5 2. Nf3 d6 3. d4 cxd4 4. Qxd4 Nc6 5. Bb5 a6 6. Bxc6+ bxc6 7. Nc3 e5 8.
Qd3 a5 9. Be3 Ba6 10. Qd2 Nf6 11. O-O-O Rb8 12. h3 Be7 13. Nh4 g6 14. g4 O-O
15. f4 Rb4 16. Qg2 Qb8 17. b3 d5 18. exd5 cxd5 19. g5 d4 20. gxf6 Bxf6 21. Nd5
Bxh4 22. Nxb4 axb4 23. Qg4 dxe3 24. Qxh4 exf4 25. Qf6 Bb7 26. Rhe1 Qc7 27. h4
Bf3 28. Rd6 Rc8 29. c4 bxc3 30. Qxf4 Qc5 31. b4 Qa7 32. Qxe3 Qa3+ 33. Kc2 Qxa2+
34. Kd3 Qc4+ 35. Kc2 Qxb4 36. Rb6 Be4+ 37. Qxe4 Qxb6 38. Rb1 Qf2+ 39. Kb3 c2
40. Rc1 Qb6+ 41. Ka3 Qa5+ 42. Kb2 Qc3+ 43. Ka2 Rc5 0-1

[Event "Andorra open"]
[Site "Escaldes"]
[Date "2018.07.28"]
[Round "8.24"]
[White "El Mchaouri Mas, Younes"]
[Black "Zalkind, Konstantin"]
[Result "0-1"]
[WhiteElo "2120"]
[BlackElo "2185"]
[PlyCount "68"]
[EventDate "2018.07.21"]
[EventType "swiss"]
[EventCountry "AND"]

1. Nf3 d5 2. c4 dxc4 3. Na3 Nf6 4. e3 g6 5. Nxc4 Bg7 6. d4 O-O 7. Be2 Na6 8. b3
c5 9. Bb2 b6 10. O-O Bb7 11. Rc1 Rc8 12. a3 Ne4 13. Nce5 cxd4 14. exd4 Qd6 15.
Rxc8 Rxc8 16. Bd3 Nc7 17. Nxf7 Qf6 18. N7e5 Ne6 19. Qe1 N4g5 20. Nxg5 Qxg5 21.
Be4 Bxe4 22. Qxe4 Bxe5 23. dxe5 Qd2 24. Qb7 Rc7 25. Qa8+ Kg7 26. Ba1 Rc1 27. g3
Rxf1+ 28. Kxf1 Qd1+ 29. Kg2 Qxa1 30. Qxa7 Kf7 31. a4 Qd4 32. Qb7 Ng5 33. h4 Ne4
34. e6+ Kf6 0-1

[Event "Andorra open"]
[Site "Escaldes"]
[Date "2018.07.28"]
[Round "8.25"]
[White "Bianchi, Andrea"]
[Black "Palacios Herrero, Pablo"]
[Result "0-1"]
[WhiteElo "2082"]
[BlackElo "2183"]
[PlyCount "130"]
[EventDate "2018.07.21"]
[EventType "swiss"]
[EventCountry "AND"]

1. e4 e6 2. d3 d5 3. Nd2 Nf6 4. Ngf3 Nc6 5. c3 e5 6. Be2 Bd6 7. O-O O-O 8. Re1
Re8 9. Bf1 a5 10. b3 Ne7 11. d4 Ng6 12. dxe5 Nxe5 13. h3 dxe4 14. Nxe4 Nxe4 15.
Rxe4 Bf5 16. Re3 Qf6 17. Nxe5 Bxe5 18. Qe1 Bd7 19. g3 Bd6 20. Bg2 Bc5 21. Bxb7
Bxe3 22. Bxe3 Rad8 23. Bg2 Bc6 24. Bxc6 Qxc6 25. c4 Qf3 26. Qc3 Qf5 27. Kh2 Rd3
28. Qc2 Qd7 29. Re1 Re6 30. Qc1 h6 31. Bf4 Rxe1 32. Qxe1 Qf5 33. Qe2 Rd7 34.
Kg2 Kh7 35. h4 c6 36. Qf3 Qe6 37. Be3 Rd3 38. Qh5 a4 39. bxa4 Qxc4 40. a5 Qd5+
41. Qxd5 cxd5 42. Bc5 Rc3 43. Bb4 Rc6 44. Kf3 Re6 45. Bc5 Kg6 46. a3 f6 47. g4
h5 48. Kg3 hxg4 49. Kxg4 d4 50. h5+ Kf7 51. Kf3 d3 52. Bb4 Ke8 53. a6 Rxa6 54.
Ke3 Re6+ 55. Kxd3 Re5 56. f4 Rxh5 57. Ke4 Rb5 58. f5 Kf7 59. Kf4 Kg8 60. Kg4
Kh7 61. Bc3 Rc5 62. Be1 Rc4+ 63. Kf3 Kh6 64. Bd2+ Kh5 65. Kg3 Rd4 0-1

[Event "Andorra open"]
[Site "Escaldes"]
[Date "2018.07.29"]
[Round "9.1"]
[White "Fedorchuk, Sergey A"]
[Black "Lagarde, Maxime"]
[Result "1/2-1/2"]
[WhiteElo "2626"]
[BlackElo "2615"]
[PlyCount "84"]
[EventDate "2018.07.21"]
[EventType "swiss"]
[EventRounds "9"]
[EventCountry "AND"]

1. e4 c5 2. Nf3 e6 3. d4 cxd4 4. Nxd4 Nf6 5. Nc3 Nc6 6. Ndb5 d6 7. Bf4 e5 8.
Bg5 a6 9. Na3 b5 10. Bxf6 gxf6 11. Nd5 Bg7 12. Bd3 Ne7 13. Nxe7 Qxe7 14. O-O f5
15. c4 O-O 16. Qh5 bxc4 17. Nxc4 d5 18. exd5 e4 19. Be2 f4 20. Rad1 Qd8 21. f3
e3 22. g3 Qf6 23. Kh1 fxg3 24. hxg3 Bf5 25. Qh4 Qxh4+ 26. gxh4 Bc2 27. Rc1 Bg6
28. b4 Rad8 29. Rfd1 Bf6 30. d6 Bxh4 31. d7 Bf5 32. Rd4 Bf2 33. Nb6 Kh8 34. a4
Rg8 35. Rc5 Be6 36. a5 f5 37. Rc6 Rg6 38. Rc8 Rxc8 39. dxc8=Q+ Bxc8 40. Nxc8
Rh6+ 41. Kg2 Rg6+ 42. Kh3 Rh6+ 1/2-1/2

[Event "Andorra open"]
[Site "Escaldes"]
[Date "2018.07.29"]
[Round "9.2"]
[White "Admiraal, Miguoel"]
[Black "Repka, Christopher"]
[Result "1-0"]
[WhiteElo "2479"]
[BlackElo "2519"]
[PlyCount "81"]
[EventDate "2018.07.21"]
[EventType "swiss"]
[EventRounds "9"]
[EventCountry "AND"]

1. e4 c5 2. Nf3 d6 3. d4 cxd4 4. Nxd4 Nf6 5. Nc3 a6 6. g3 e5 7. Nde2 Be7 8. Bg2
O-O 9. O-O Nbd7 10. a4 b6 11. Nd5 Nxd5 12. Qxd5 Rb8 13. Nc3 Bb7 14. Qd3 Nc5 15.
Qe2 Bg5 16. Bxg5 Qxg5 17. Rfd1 Ne6 18. Rxd6 Nd4 19. Qd3 Qe7 20. Rxb6 a5 21. Nd5
Bxd5 22. Rxb8 Rxb8 23. exd5 Rxb2 24. c3 Nb3 25. d6 Qf6 26. Rf1 Nc1 27. Qe4 Ne2+
28. Kh1 Qxd6 29. Qa8+ Rb8 30. Qxa5 g6 31. c4 Qd4 32. Qc7 Rb6 33. a5 Rf6 34. a6
Rxf2 35. Rxf2 Qxf2 36. Qb8+ Kg7 37. Qxe5+ f6 38. Qa1 Qe3 39. a7 Nc1 40. h3 Nb3
41. Qa3 1-0

[Event "Andorra open"]
[Site "Escaldes"]
[Date "2018.07.29"]
[Round "9.3"]
[White "Jerez Perez, Alfonso"]
[Black "Postny, Evgeny"]
[Result "0-1"]
[WhiteElo "2423"]
[BlackElo "2585"]
[PlyCount "144"]
[EventDate "2018.07.21"]
[EventType "swiss"]
[EventRounds "9"]
[EventCountry "AND"]

1. e4 e5 2. Nf3 Nc6 3. Nc3 Nf6 4. d4 exd4 5. Nxd4 Bb4 6. Nxc6 bxc6 7. Bd3 O-O
8. O-O d5 9. exd5 cxd5 10. h3 c6 11. Qf3 Rb8 12. Bf4 Bd6 13. b3 Be6 14. Rad1
Bxf4 15. Qxf4 Qa5 16. Qd2 Qc7 17. Rfe1 c5 18. Nb5 Qd7 19. c4 d4 20. Qf4 Rbd8
21. Qe5 Rc8 22. Nd6 Rcd8 23. Nb5 Rc8 24. Nd6 Rc6 25. Ne4 Nxe4 26. Qxe4 g6 27.
Qf4 Kg7 28. h4 Qc7 29. Qd2 Qd8 30. Qf4 Qc7 31. Qd2 h6 32. Re2 Qd8 33. Qf4 Qc7
34. Qd2 Bg4 35. f3 Bc8 36. Qe1 Re6 37. Rxe6 Bxe6 38. Rd2 Qf4 39. Re2 Rb8 40.
Re4 Qd6 41. Re5 Re8 42. f4 h5 43. Qa5 Qe7 44. Qxc5 Qxh4 45. Qxd4 Kg8 46. Qe3
Rd8 47. g3 Qg4 48. Rg5 Qd1+ 49. Bf1 Bh3 50. Qe2 Rd2 51. Rxg6+ Kf8 52. Qxd1 Rxd1
53. Ra6 Rxf1+ 54. Kh2 Bg4 55. Kg2 Rc1 56. Rxa7 Rc2+ 57. Kf1 Kg7 58. Ra5 Kg6 59.
Rg5+ Kf6 60. a4 Rc3 61. Rb5 Rxg3 62. a5 h4 63. a6 Bf3 64. a7 Rg2 65. Rh5 Ra2
66. Rxh4 Rxa7 67. Rh3 Bg4 68. Rc3 Kf5 69. c5 Kxf4 70. c6 Ke5 71. c7 Bc8 72. b4
Ra8 0-1

[Event "Andorra open"]
[Site "Escaldes"]
[Date "2018.07.29"]
[Round "9.4"]
[White "Loiseau, Quentin"]
[Black "Del Rio De Angelis, Salvador G"]
[Result "0-1"]
[WhiteElo "2402"]
[BlackElo "2525"]
[PlyCount "114"]
[EventDate "2018.07.21"]
[EventType "swiss"]
[EventRounds "9"]
[EventCountry "AND"]

1. d4 Nf6 2. c4 d6 3. Nf3 Nbd7 4. Nc3 c6 5. e4 e5 6. Be2 Be7 7. O-O a6 8. Qc2
b5 9. c5 Qc7 10. cxd6 Bxd6 11. h3 O-O 12. Bg5 Re8 13. dxe5 Nxe5 14. Bxf6 gxf6
15. Nd4 b4 16. Na4 c5 17. Rfc1 cxd4 18. Qxc7 Bxc7 19. Rxc7 f5 20. Rd1 fxe4 21.
Rxd4 Bf5 22. Rxb4 Rad8 23. Nc3 Nd3 24. Rbb7 Bg6 25. h4 h5 26. Re7 Rxe7 27. Rxe7
a5 28. Ra7 Rb8 29. b3 Rc8 30. Nd5 Rc2 31. Ne7+ Kg7 32. Bxd3 exd3 33. Rd7 d2 34.
Kf1 Rc7 35. Rxd2 Rxe7 36. Rd5 a4 37. bxa4 Re4 38. g3 Rxa4 39. Rd2 Ra3 40. Rb2
Be4 41. Ke2 f5 42. Rb3 Rxa2+ 43. Ke3 Bd5 44. Rd3 Be6 45. Rc3 Rb2 46. Rc5 Kf6
47. Ra5 Bc4 48. Kd4 Bf1 49. Ra1 Bb5 50. Ra5 Rb3 51. Ra2 Rd3+ 52. Kc5 Bd7 53.
Re2 Be6 54. Kc6 Bd5+ 55. Kc5 Bf3 56. Rb2 f4 57. Kc4 Rd6 0-1